000
00227nam a2200097 a 4500
005
20200930073924.0
008
111020s1929 000 spa d
245
0
_a
Quand le navire...
260
_a
Paris,
_c
1929.
999
_c
34306
_d
34306
040
_a
DO-SdBNP